000 00354nam a22001337a 4500
008 250218b |||||||| |||| 00| 0 eng d
020 _a9783234412
050 _aHD9577
_b.S67
100 _aSoremekun Kayode
245 _aPerspectives on the Nigeria oil industry
260 _aNigeria
_bObafemi Awolowo University
_c1995
300 _a193p.
942 _cBK
999 _c1979
_d1979